000
00209nam a22000857a 4500
008
170511b xxu||||| |||| 00| 0 eng d
100
_9
3106
_a
Jauhar.S.P.
245
_a
ABC of Science Chemistry-X
260
_a
New Delhi
999
_c
6393
_d
6393